00534nam a2200169Ia 4500008004100000020001500041041001200056082001600068100002000084245002300104260003300127300000800160650001400168942000700182999001500189952016000204221030s9999 xx 000 0 und d a8185015597 aEnglish a105.23bCas aG. W. Castellan 0aPhysical Chemistry bNarosa Pub.aNew Delhic1996 a943 aChemistry cBK c1814d1814 pBE 393g275.00l0o105.23 Casr2024-06-13 00:00:00w2022-10-30yBK003Print4071aMIETLIBbMIETLIBcBL-Second, FL-1, CUP-59, SH-3, R-3d1999-11-1710HBE